Νόμοι της Ελλάδας με Χάρτη το 1903 - Statistics

General Stats
  • This quiz has been taken 10 times
  • The average score is 16 of 26
Answers on the Map
Answers color-coded by a green-red scale on the quiz's map according to % correct below.
 
Answer Stats
Νομός % Correct
Αττικής
100%
Κυκλάδων
100%
Αρκαδίας
75%
Άρτης
75%
Αχαΐας
75%
Ευβοίας
75%
Ζακύνθου
75%
Κερκύρας
75%
Λαρίσης
75%
Μεσσηνίας
75%
Ακαρνανίας και Αιτωλίας
75%
Τρικάλων
75%
Αργολίδος
50%
Βοιωτίας
50%
Ηλείας
50%
Καρδίτσας
50%
Κεφαλληνίας
50%
Κορινθίας
50%
Λακωνικής
50%
Λευκάδος
50%
Μαγνησίας
50%
Φθιώτιδος
50%
Φωκίδος
50%
Ευρυτανίας
25%
Λακεδαίμονος
25%
Τριφυλίας
25%
No matching quizzes found
Score Distribution
Percent of People with Each Score
Percentile by Number Answered
Your Score History
You have not taken this quiz